Aplikácia hybridných plnív na báze sadzí a lignínu do kaučukových zmesí

Salvato in:
Dettagli Bibliografici
Autore principale: Mlynárová, Dominika (Autore)
Altri autori: Kruželák, Ján (Relatore della tesi)
Natura: Manoscritto Libro
Lingua:slovacco
Pubblicazione: 2025
Soggetti:
Accesso online:http://is.stuba.sk/zp/portal_zp.pl?podrobnosti=183379
Tags: Aggiungi Tag
Nessun Tag, puoi essere il primo ad aggiungerne!!

MARC

LEADER 00000ntm a22000003a 4500
001 stuzp104188
003 SK-STU
005 20250607210436.9
007 ta
008 150427s2015----xo-----f-mn---000-0-slo-d
040 |a STU  |b slo 
041 0 |a slo 
100 1 |a Mlynárová, Dominika  |u 049370  |4 aut  |U FCHPT Ústav prírodných a syntetických polymérov  |T FCHPT Oddelenie plastov, kaučuku a vlákien  |X 105405  |U C9370  |Y 128  |7 105405 
242 0 1 |a Application of hybrid fillers based on carbon black and lignin into rubber compounds  |y eng 
245 1 0 |a Aplikácia hybridných plnív na báze sadzí a lignínu do kaučukových zmesí 
260 |c 2025 
650 4 |a carbon black  |2 eng 
650 4 |a lignin  |2 eng 
650 4 |a properties  |2 eng 
650 4 |a vulcanization  |2 eng 
650 4 |a hybrid fillers  |2 eng 
650 4 |a lignosulfonate  |2 eng 
650 4 |a rubber  |2 eng 
650 4 |a lignín  |2 slo 
650 4 |a vlastnosti  |2 slo 
650 4 |a hybridné plniva  |2 slo 
650 4 |a lignosulfonát  |2 slo 
650 4 |a sadze  |2 slo 
650 4 |a kaučuk  |2 slo 
650 4 |a vulkanizácia  |2 slo 
700 1 |a Kruželák, Ján  |u 049370  |k Z1  |4 ths  |U FCHPT Ústav prírodných a syntetických polymérov  |T FCHPT Oddelenie plastov, kaučuku a vlákien  |X 25508  |U C9370  |Y 128  |7 A000025508 
856 4 |u http://is.stuba.sk/zp/portal_zp.pl?podrobnosti=183379